Saving Miss Julie /

Bibliographic Details
Main Author: Lynde, Stan, 1931-2013
Format: Book
Language:English
Published: Helena, Mont. : Cottonwood Pub. : c. 2004.
Subjects:

MARC

Tag First Indicator Second Indicator Subfields
LEADER 00000cam a2200000Ia 4500
001 in00001803421
005 20151026052001.0
008 040106s2004 mtu 000 f eng d
020 |a 1886370214 (cloth) 
020 |a 1886370222 (paper) 
035 |a (OCoLC)ocm53985258 
040 |a MTL  |c MTL  |d OCLCQ  |d UtOrBLW 
043 |a n-us-mt 
049 |a TXAM 
090 |a PS3562.Y429  |b S38 2004 
100 1 |a Lynde, Stan,  |d 1931-2013. 
245 1 0 |a Saving Miss Julie /  |c Stan Lynde. 
264 0 |a Helena, Mont. :  |b Production and design by Mountain Press Pub., 
264 1 |a Helena, Mont. :  |b Cottonwood Pub. :  |c c. 2004. 
300 |a 233 pages ;  |c 23 cm. 
336 |a text  |b txt  |2 rdacontent 
337 |a unmediated  |b n  |2 rdamedia 
338 |a volume  |b nc  |2 rdacarrier 
651 0 |a Montana  |v Fiction. 
650 0 |a Cowboys  |v Fiction. 
650 0 |a Detective and mystery stories. 
650 0 |a Kidnapping  |v Fiction. 
994 |a E0  |b TXA 
948 |a cataloged  |b h  |c 2004/9/3  |d c  |e bhartsfi  |f 8:59:02 am 
999 |a MARS 
999 f f |s 5c6cf762-e58c-35a2-9d33-22a969268ffb  |i c7c05ee0-487c-3f18-a58d-6ce46617d715  |t 0 
952 f f |p ric  |a Texas A&M University  |b Rellis Campus  |c Joint Library Facility  |d Remote Storage  |t 0  |e PS3562.Y429 S38 2004  |h Library of Congress classification  |i unmediated -- volume  |m A14831281898 
998 f f |a PS3562.Y429 S38 2004  |t 0  |l Remote Storage